| 000 | 00847nam a2200289 a 4500 | ||
|---|---|---|---|
| 001 | 57059 | ||
| 003 | BD-RjUL | ||
| 005 | 20211209080450.0 | ||
| 008 | 161205s1974 ii b 001 0 eng d | ||
| 035 | _aBD-RjUL57183 | ||
| 035 | _a(OCoLC)ocm14082378 | ||
| 035 | _a(CStRLIN)NYCG82-B23657 | ||
| 035 | _a(BD-RjUL) | ||
| 035 | _a(NNC)80769 | ||
| 040 |
_aNNC _cNNC _beng |
||
| 041 | _aeng | ||
| 082 |
_223 _a025.21 _bSEB 1974 |
||
| 090 |
_aZ689 _b.S43 |
||
| 100 | 1 |
_aSengupta, Benoyendra, _d1910- _9169517 |
|
| 245 | 1 | 0 |
_aBook selection / _cby Benoyendra Sengupta ; with a foreword by Niharranjan Ray. |
| 260 |
_aCalcutta : _bWorld Press, _c1974. |
||
| 300 |
_axiii, 207 p. ; _c22 cm. |
||
| 504 | _aIncludes bibliographies and index. | ||
| 650 | 0 |
_aBook selection. _9168784 |
|
| 650 | 0 |
_aAcquisitions (Libraries) _9169518 |
|
| 942 |
_2ddc _cBK |
||
| 999 |
_c57059 _d57059 |
||